Vytvorenie webovej stránky – “low-cost” spoznávanie európskych miest

Salvato in:
Dettagli Bibliografici
Autore principale: Štrbánik, Martin (Autore)
Altri autori: Stašová, Oľga (Relatore della tesi)
Natura: Manoscritto Libro
Lingua:slovacco
Pubblicazione: Bratislava : STU v Bratislave FEI, 2025
Soggetti:
Accesso online:https://opac.crzp.sk/?fn=detailBiblioFormChildSB9LHF&sid=8D80AD18777FCC7F68B1B44DC29E&seo=CRZP-detail-kniha
Tags: Aggiungi Tag
Nessun Tag, puoi essere il primo ad aggiungerne!!

MARC

LEADER 00000ntm a22000003a 4500
001 stuzp101576
003 SK-STU
005 20260127152955.4
007 ta
008 150427s2015----xo-----f-mn---000-0-slo-d
040 |a STU  |b slo 
041 0 |a slo 
044 |a xo 
100 1 |a Štrbánik, Martin  |u 035000  |4 aut  |U FEI Fakulta elektrotechniky a informatiky  |T FEI Ústav informatiky a matematiky  |X 120493  |U E050  |Y 816  |7 120493 
242 0 1 |a The Creation of a Website Devoted to Getting to Know European Cities  |y eng 
245 1 0 |a Vytvorenie webovej stránky – “low-cost” spoznávanie európskych miest 
260 |a Bratislava :  |b STU v Bratislave FEI,  |c 2025 
300 |a 64 s. 
650 4 |a AI  |2 slo 
650 4 |a PostgreSQL  |2 slo 
650 4 |a Vue.js  |2 slo 
650 4 |a Java  |2 slo 
650 4 |a SpringBoot  |2 slo 
650 4 |a cestovanie  |2 slo 
650 4 |a SpringBoot  |2 eng 
650 4 |a PostgreSQL  |2 eng 
650 4 |a Vue.js  |2 eng 
650 4 |a Java  |2 eng 
650 4 |a AI  |2 eng 
650 4 |a travel  |2 eng 
700 1 |a Stašová, Oľga  |u 035000  |k Z1  |4 ths  |U FEI Fakulta elektrotechniky a informatiky  |T FEI Ústav informatiky a matematiky  |X 3695  |U E050  |Y 816  |7 A000003695 
856 4 |u https://opac.crzp.sk/?fn=detailBiblioFormChildSB9LHF&sid=8D80AD18777FCC7F68B1B44DC29E&seo=CRZP-detail-kniha